000 00636nam a2200193 i 4500
001 bg
245 0 _aSolutions solides en mineralogie :
_b27-30 Mai, Orleans, France.
260 _aParis :
_bCentre National de la Recherche Scientifque,
_c1975.
490 1 _aColloques Internatioaux du Centre National de la Recherche Scientifique ;
_vNo 234
650 9 _aMineralogia
830 _aColloques Internatioaux du Centre National de la Recherche Scientifique ;
020 _a2222017920
040 _cBPK
041 _apol
080 _a549+548
920 _a2-222-01792-0
942 _cKS
008 s pl f |000 0 pol
999 _c18194
_d18194
856 _uhttp://koha.tu.koszalin.pl/cgi-bin/koha/opac-detail.pl?biblionumber=18194
_yKatalog online BPK